00165nam a2200061Ia 4500008004100000100001400041245004800055120527s9999 xx 000 0 und d aMCCULLOCH aMoney and inflation A monetisation approach